000 00352nam a2200145Ia 4500
008 230917s9999||||xx |||||||||||||| ||und||
040 _e64655
_aMAIN
041 _aEnglish
082 _a150.954 K965E
100 _aKuppuswamy, B
245 0 _aElements of ancient Indian Psychology
260 _aNew Delhi
_bVikas
300 _ax, 305 p.
942 _cBK
999 _c48694
_d48694